01031nam a2200217Ia 4500001001000000003000500010008004100015010001100056040000900067082001400076111009700090245008900187260003700276300001100313505016600324650003000490700005400520700004800574700003600622710015500658Para_8869CHAP220125s2003 xx 000 0 und d a207632 cCHAP aPA 635 C6 aCongreso Nacional de la Sociedad Mexicana de Ciencias Hortícolas(10:2003:Chapingo, Méx.) aPrograma y memoria de resúmenes /c por Sociedad Mexicana de Ciencias Hortícolas aChapingo, Méx. :b la Sociedad a389 p. aContiene: Congreso Nacional de Horticultura Ornamental (9:2003: Chapingo México) y Congreso Internacional de Horticultura Ornamental (2:2003:Chapingo, Méx.) aHorticultura x congresos aAsociación Mexicana de Horticultura Ornamental  aSociedad Mexicana de Ciencias Hortícolas  aUniversidad Autónoma Chapingo aCongreso Nacional de Horticultura Ornamental (9:2003: Chapingo México) y Congreso Internacional de Horticultura Ornamental (2:2003:Chapingo, Méx.